樺太庁の戦前市制・町制 - Statistics

General Stats
  • This quiz has been taken 32 times
  • The average score is 11 of 17
Answer Stats
施行日 施行内容 所属郡 回答 % Correct
1937.07.01 市制 (市) 豊原市
100%
1930.07.01 二級町制 敷香郡 敷香町
96%
1933.07.01 一級町制 敷香郡 敷香町
96%
一級町制 真岡郡 真岡町
93%
一級町制 大泊郡 大泊町
89%
一級町制 泊居郡 泊居町
81%
1929.07.01 一級町制 豊原郡 豊原町
78%
一級町制 野田郡 野田町
78%
一級町制 留多加郡 留多加町
74%
一級町制 本斗郡 本斗町
74%
一級町制 名好郡 名好町
74%
一級町制 名好郡 恵須取町
48%
一級町制 栄浜郡 落合町
37%
一級町制 元泊郡 知取町
30%
1941.04.01 一級町制 本斗郡 内幌町
22%
1938.04.01 一級町制 名好郡 塔路町
15%
一級町制 久春内郡 珍内町
15%
No matching quizzes found
Score Distribution
Percent of People with Each Score
Percentile by Number Answered
Your Score History
You have not taken this quiz